000 00369cam a22001337a 4500
008 180718b1969 xxu||||| |||| 00| 0 eng d
082 _aK H264
100 _aHarwell, Edward M.
245 _aPersonnel management and training
_cby Edward M. Harwell
260 _aNew York
_bChain Store Age
_c1969
300 _a387p.
500 _a$10.95
650 _aPersonnel management
999 _c367706
_d367706